<?xml version="1.0" encoding="UTF-8"?>
<record
    xmlns:xsi="http://www.w3.org/2001/XMLSchema-instance"
    xsi:schemaLocation="http://www.loc.gov/MARC21/slim http://www.loc.gov/standards/marcxml/schema/MARC21slim.xsd"
    xmlns="http://www.loc.gov/MARC21/slim">

  <leader>01701nam a22003017a 4500</leader>
  <controlfield tag="001">1535</controlfield>
  <controlfield tag="003">FISKH</controlfield>
  <controlfield tag="005">20230905123541.0</controlfield>
  <controlfield tag="008">230905b        cb ||||| |||| 00| 0 khr d</controlfield>
  <datafield tag="020" ind1=" " ind2=" ">
    <subfield code="a">9789924340515</subfield>
  </datafield>
  <datafield tag="040" ind1=" " ind2=" ">
    <subfield code="a">FISKH </subfield>
    <subfield code="b">eng </subfield>
    <subfield code="c">FISKH </subfield>
    <subfield code="d">FISKH </subfield>
  </datafield>
  <datafield tag="082" ind1=" " ind2=" ">
    <subfield code="a">001.944</subfield>
  </datafield>
  <datafield tag="100" ind1=" " ind2=" ">
    <subfield code="a">Rotha, Ouk </subfield>
  </datafield>
  <datafield tag="245" ind1=" " ind2=" ">
    <subfield code="a">&#x1799;&#x1780;&#x17D2;&#x179F;&#x178F;&#x17BC;&#x1785; &#x1788;&#x1794;&#x17CB;&#x17A0;&#x17BE;&#x1799; / </subfield>
    <subfield code="c">&#x1793;&#x17B7;&#x1796;&#x1793;&#x17D2;&#x1792;&#x1793;&#x17B7;&#x1784;&#x1782;&#x17BC;&#x179A;&#x179A;&#x17BC;&#x1794;&#x178A;&#x17C4;&#x1799; &#x17A2;&#x17CA;&#x17BB;&#x1780; &#x179A;&#x178A;&#x17D2;&#x178B;&#x17B6; </subfield>
  </datafield>
  <datafield tag="250" ind1=" " ind2=" ">
    <subfield code="a">&#x1794;&#x17C4;&#x17C7;&#x1796;&#x17BB;&#x1798;&#x17D2;&#x1796;&#x179B;&#x17BE;&#x1780;&#x1791;&#x17B8;&#x17E4;&#x200B; &#x1780;&#x1780;&#x17D2;&#x1780;&#x178A;&#x17B6; &#x17E2;&#x17E0;&#x17E2;&#x17E2;&#x200B;&#x200B;</subfield>
  </datafield>
  <datafield tag="260" ind1=" " ind2=" ">
    <subfield code="a">Phnom Penh : </subfield>
    <subfield code="b">Sipar, </subfield>
    <subfield code="c">2022.</subfield>
  </datafield>
  <datafield tag="300" ind1=" " ind2=" ">
    <subfield code="a">23 pages : </subfield>
    <subfield code="b">color illustrations ; </subfield>
    <subfield code="c">24 cm</subfield>
  </datafield>
  <datafield tag="490" ind1=" " ind2=" ">
    <subfield code="a">&#x179A;&#x17BF;&#x1784;&#x178A;&#x17C6;&#x1794;&#x17BC;&#x1784;&#x17D7; </subfield>
  </datafield>
  <datafield tag="505" ind1=" " ind2=" ">
    <subfield code="a">G </subfield>
  </datafield>
  <datafield tag="520" ind1=" " ind2=" ">
    <subfield code="a">&#x1799;&#x1780;&#x17D2;&#x179F;&#x178F;&#x17BC;&#x1785;&#x1785;&#x17BC;&#x179B;&#x1791;&#x17C5;&#x1780;&#x17B6;&#x1794;&#x17CB;&#x178A;&#x17BE;&#x1798;&#x1788;&#x17BE; &#x1780;&#x17D2;&#x1793;&#x17BB;&#x1784;&#x1796;&#x17D2;&#x179A;&#x17C3;&#x1798;&#x17BD;&#x1799;&#x17D4; &#x1794;&#x1784;&#x17D2;&#x1780;&#x17BD;&#x1799;&#x1783;&#x17B6;&#x178F;&#x17CB;&#x178F;&#x17C2; &#x1799;&#x1780;&#x17D2;&#x179F;&#x178F;&#x17BC;&#x1785;&#x1798;&#x17B7;&#x1793;&#x1796;&#x17D2;&#x179A;&#x1798;&#x179F;&#x17D2;&#x178A;&#x17B6;&#x1794;&#x17CB;&#x17A1;&#x17BE;&#x1799;&#x17D4; &#x1793;&#x17C5;&#x1796;&#x17C1;&#x179B;&#x178A;&#x17C2;&#x179B;&#x1799;&#x1780;&#x17D2;&#x179F;&#x178F;&#x17BC;&#x1785;&#x1780;&#x17B6;&#x1794;&#x17CB; &#x1798;&#x17C1;&#x1783;&#x1780;&#x17CF;&#x1785;&#x17B6;&#x1794;&#x17CB;&#x1795;&#x17D2;&#x178A;&#x17BE;&#x1798;&#x1780;&#x17D2;&#x178A;&#x17C5; &#x17A0;&#x17BE;&#x1799;&#x1794;&#x17B9;&#x1784;&#x1780;&#x17CF;&#x1785;&#x17B6;&#x1794;&#x17CB;&#x1795;&#x17D2;&#x178A;&#x17BE;&#x1798;&#x179A;&#x17B8;&#x1784; &#x178A;&#x17B8;&#x1780;&#x17CF;&#x1785;&#x17B6;&#x1794;&#x17CB;&#x1795;&#x17D2;&#x178A;&#x17BE;&#x1798;&#x1794;&#x17D2;&#x179A;&#x17C1;&#x17C7;&#x1794;&#x17C2;&#x1780;&#x17D4; </subfield>
  </datafield>
  <datafield tag="520" ind1=" " ind2=" ">
    <subfield code="a">A small giant goes to cut down a tree in a forest. Iguana&#x200B;&#x200B; stopped, but the little giant refused to listen. When the giants cut the sky, it began to heat up and the lake began to dry up and the ground began to crack.</subfield>
  </datafield>
  <datafield tag="521" ind1="8" ind2=" ">
    <subfield code="a">380
</subfield>
    <subfield code="b">Lexile estimate 
</subfield>
  </datafield>
  <datafield tag="521" ind1="8" ind2=" ">
    <subfield code="a">G 
</subfield>
    <subfield code="b">Raz-Plus 
</subfield>
  </datafield>
  <datafield tag="650" ind1=" " ind2=" ">
    <subfield code="a">&#x1799;&#x1780;&#x17D2;&#x179F; </subfield>
    <subfield code="v">&#x1780;&#x17B6;&#x1794;&#x17CB; </subfield>
    <subfield code="x">&#x1792;&#x1798;&#x17D2;&#x1798;&#x1787;&#x17B6;&#x178F;&#x17B7; </subfield>
    <subfield code="y">&#x178A;&#x17BE;&#x1798;&#x1788;&#x17BE; </subfield>
  </datafield>
  <datafield tag="650" ind1=" " ind2=" ">
    <subfield code="a">Giant </subfield>
    <subfield code="v">Cut </subfield>
    <subfield code="x">Nature </subfield>
    <subfield code="y">Tree</subfield>
  </datafield>
  <datafield tag="700" ind1=" " ind2=" ">
    <subfield code="a">Rotha, Ouk </subfield>
    <subfield code="e">illustrator </subfield>
  </datafield>
  <datafield tag="942" ind1=" " ind2=" ">
    <subfield code="2">ddc</subfield>
    <subfield code="c">BK</subfield>
    <subfield code="n">0</subfield>
  </datafield>
  <datafield tag="999" ind1=" " ind2=" ">
    <subfield code="c">1535</subfield>
    <subfield code="d">1535</subfield>
  </datafield>
  <datafield tag="952" ind1=" " ind2=" ">
    <subfield code="0">0</subfield>
    <subfield code="1">0</subfield>
    <subfield code="2">ddc</subfield>
    <subfield code="4">0</subfield>
    <subfield code="7">0</subfield>
    <subfield code="8">KH</subfield>
    <subfield code="a">001</subfield>
    <subfield code="b">001</subfield>
    <subfield code="c">KHRS</subfield>
    <subfield code="d">2023-09-05</subfield>
    <subfield code="l">2</subfield>
    <subfield code="o">ROT 001.944</subfield>
    <subfield code="p">2023-0476</subfield>
    <subfield code="r">2026-02-02 09:31:00</subfield>
    <subfield code="s">2026-01-13</subfield>
    <subfield code="t">1</subfield>
    <subfield code="w">2023-09-05</subfield>
    <subfield code="y">BK</subfield>
  </datafield>
  <datafield tag="952" ind1=" " ind2=" ">
    <subfield code="0">0</subfield>
    <subfield code="1">0</subfield>
    <subfield code="2">ddc</subfield>
    <subfield code="4">0</subfield>
    <subfield code="7">0</subfield>
    <subfield code="8">KH</subfield>
    <subfield code="a">001</subfield>
    <subfield code="b">001</subfield>
    <subfield code="c">KHRS</subfield>
    <subfield code="d">2023-09-05</subfield>
    <subfield code="l">0</subfield>
    <subfield code="o">ROT 001.944</subfield>
    <subfield code="p">2023-0477</subfield>
    <subfield code="r">2023-09-05 12:35:38</subfield>
    <subfield code="t">2</subfield>
    <subfield code="w">2023-09-05</subfield>
    <subfield code="y">BK</subfield>
  </datafield>
</record>
